Ancient Egyptian science : a source book /
Guardado en:
| Autor Principal: | |
|---|---|
| Formato: | Libro |
| Idioma: | English |
| Publicado: |
Philadelphia :
American Philosophical Society,
1989-1999.
|
| Series: | Memoirs of the American Philosophical Society,
v. 184, 214, 232 |
| Materias: | |
| Etiquetas: |
Agregar Etiqueta
Sin Etiquetas, Sea el primero en etiquetar este registro!
|
| LEADER | 01167cam a2200289 a 4500 | ||
|---|---|---|---|
| 001 | MAT.inmabb003317 | ||
| 008 | 890524m19891999pauab####b####001#0#eng## | ||
| 005 | 20130218102847.0 | ||
| 245 | 1 | 0 | |a Ancient Egyptian science : |b a source book / |c by Marshall Clagett. |
| 260 | |a Philadelphia : |b American Philosophical Society, |c 1989-1999. | ||
| 300 | |a 3 v. en 4 : |b il. (algunas col.), mapa ; |c 27 cm. | ||
| 440 | 0 | |a Memoirs of the American Philosophical Society, |x 0065-9738 ; |v v. 184, 214, 232 | |
| 504 | |a Incluye referencias bibliográficas e índices. | ||
| 505 | 0 | |a v. 1. Knowledge and order (2 v.) -- v. 2. Calendars, clocks, and astronomy -- v. 3. Ancient Egyptian mathematics. | |
| 510 | 4 | |a MR, |c 96i:01007 |3 (v. 2) | |
| 500 | |a La biblioteca sólo posee el vol. 2. |5 AR-BbIMB | ||
| 020 | |a 0871691841 (v. 1) | ||
| 020 | |a 0871692147 (v. 2) | ||
| 020 | |a 0871692325 (v. 3) | ||
| 100 | 1 | |a Clagett, Marshall, |d 1916-2005. | |
| 043 | |a f-ua--- | ||
| 650 | 0 | |a Science |z Egypt |x History. | |
| 650 | 0 | |a Science |z Egypt |x History |x Sources. | |
| 084 | |a 01A16 |2 msc2000 | ||
| 010 | |a 89084668 | ||
| 040 | |a DLC |c DLC |d DLC | ||
| 859 | |h 01A16 |i C584 |p A-7679 |v 2 |3 Vol. 2 |b BIB. MATEMATICA | ||
